| 000 | 00349nam a2200145Ia 4500 | ||
|---|---|---|---|
| 008 | 230917s9999||||xx |||||||||||||| ||und|| | ||
| 040 |
_e180922 _aMAIN |
||
| 041 | _aEnglish | ||
| 082 | _a821.8 E46M:T | ||
| 100 | _aMacCabe, Colin | ||
| 245 | 0 | _aT S Eliot | |
| 260 |
_aNew Delhi _bAtlantic Publishers _c2010 |
||
| 300 | _axiii, 95 p. | ||
| 942 | _cBK | ||
| 999 |
_c151039 _d151039 |
||